| 000 | 01132nam1a22002531 4500 | ||
|---|---|---|---|
| 001 | rc\3039858 | ||
| 005 | 20111005153817.1 | ||
| 035 | _a(NLR Aleph) 007180200 | ||
| 090 |
_a7433995 _c7433995 |
||
| 100 | _a20111005d1940 |||y0rusy50 ca | ||
| 101 | 0 | _arus | |
| 102 | _aRU | ||
| 105 | _ay z ||||| | ||
| 200 | 1 |
_aТехническое черчение _eЗадание № 3- _fРед. кандидат техн. наук доц. Герасимов, К.Д. _gКом. по делам кинематографии при СНК СССР. Упр. учеб. заведениями. Центр. курсы заочного обучения техников звукового кино |
|
| 210 |
_aЛенинград _cЦКЗО _d1940 |
||
| 215 | _d30 см | ||
| 300 | _aНапеч. на пиш. маш.; Стеклогр. | ||
| 702 | 1 |
_aГерасимов _bК. Д. _4340 |
|
| 710 | 0 | 2 |
_aЦентральные курсы заочного обучения механиков звукового кино _cЛенинград |
| 801 | 0 |
_aRU _bNLR _gpsbo |
|
| 801 | 1 |
_aRU _bELAR _2rusmarc |
|
| 852 |
_aNLR _j40-20/28 |
||
| 942 | _cBOOK | ||
| 980 | _aNB | ||